000 00323nam a22001337a 4500
008 180903b xxu||||| |||| 00| 0 eng d
020 _a9780130144973
041 _aeng
080 _a574
100 _a9
101 _aMJE
245 _aElements Of The Nature And Properties Of Soils
_cBtady ,n,c
942 _2udc
_cBK
999 _c47448
_d47448